| 000 | 00813na a2200241 4500 | ||
|---|---|---|---|
| 001 | 17076 | ||
| 003 | MIRAKIL | ||
| 005 | 20181213154841.0 | ||
| 008 | 161108b tu 000 0 | ||
| 035 | _a17076 | ||
| 040 |
_aMilas _btur _cTR-AnCHP |
||
| 041 | _atur | ||
| 082 |
_aCHP 324.2172068 _bC36c 1937 |
||
| 090 | _aCHP 324.2172068 C36c 1937 | ||
| 110 |
_aCumhuriyet Halk Partisi _bGenel Sekreterliği |
||
| 245 |
_aCumhuriyet Halk Partisi genel sekreterliğinin parti örgütüne genelgesi _bikincikanun 1937'den 30 Haziran 1937 tarihine kadar _cCHP Genel Sekreterliği |
||
| 260 |
_aAnkara _bCHP _c1937 _fUlus Basımevi |
||
| 300 |
_ac.10 <248 s.> _c24 sm. |
||
| 610 |
_aCHP Genel Merkezi _xAltbirimler _yBildirimler |
||
| 710 | _aCumhuriyet Halk Partisi | ||
| 830 | _aCHP Yayınları | ||
| 942 |
_2dcc _cBKS |
||
| 999 |
_c1974 _d1974 |
||